{"text_format":"3","workbook":"xlsx","n_sheets":1,"sheets":["Hoja1"],"not_rendered":{"images":1},"read":"whole","date_system":"1900"}

{"sheet":"Hoja1","index":0,"n_rows":73,"n_cols":5,"rows_kept":73,"merged":[[2,0,2,4]]}
[]
[null,"SERVICIO NACIONAL DE SALUD"]
["Informe trimestral de Despensa"]
["   HOSPITAL MUNICIPAL FANTINO REGION __VIII"]
["AREA DE SALUD                                         AL 31 DICIEMBRE  AÑO  2024                                         ",null,null,"AL 31","2025-01-01"]
["ARTICULO","UNIDAD","EXISTENCIA FINAL","VALOR UNITARIO","VALOR TOTAL (6x7)"]
["-1-",-2,"-5-","-7-","-8-"]
["ARROZ","LIBRAS",70,{"v":35.6,"d":"35.60"},{"$f":"C8*D8","v":{"v":2492,"d":"2,492.00"}}]
["ACEITE  CRISOL","GALON",1,{"v":600,"d":"600.00"},{"$f":"C9*D9","v":{"v":600,"d":"600.00"}}]
["AGUA EN GARRAFONES","BOTELLONES",2,{"v":45,"d":"45.00"},{"v":90,"d":"90.00"}]
["AJO","LIBRAS",2,{"v":220,"d":"220.00"},{"v":440,"d":"440.00"}]
["ANIZ","LIBRAS",1,{"v":190,"d":"190.00"},{"v":190,"d":"190.00"}]
["AVENA ENTERA","FUNDAS",10,{"v":90,"d":"90.00"},{"v":900,"d":"900.00"}]
["AZUCAR CREMA","LIBRAS",65,26.88,{"v":1747.2,"d":"1,747.20"}]
["BACALAO","LIBRAS",4,{"v":175,"d":"175.00"},{"v":700,"d":"700.00"}]
["CARNE POLLO","LIBRAS",0,{"v":90,"d":"90.00"},{"v":0,"d":"0.00"}]
["CANELA","LIBRAS",1,{"v":210,"d":"210.00"},{"v":210,"d":"210.00"}]
["CEBOLLA","LIBRAS",4,{"v":65,"d":"65.00"},{"v":260,"d":"260.00"}]
["CODITOS DE 1 LIB.","UNIDAD",4,{"v":40,"d":"40.00"},{"v":160,"d":"160.00"}]
["FIDEOS DE 1 LIB.","UNIDAD",18,{"v":40,"d":"40.00"},{"v":720,"d":"720.00"}]
["GALLETA SODA","UNIDAD",400,{"v":7.7,"d":"7.70"},{"v":3080,"d":"3,080.00"}]
["GELATINA","UNIDAD DE 3 OZ",5,{"v":30,"d":"30.00"},{"v":150,"d":"150.00"}]
["GUANDULES","LATAS DE 15 OZ ",8,{"v":90,"d":"90.00"},{"v":720,"d":"720.00"}]
["HABAS","LIBRAS",3,{"v":55,"d":"55.00"},{"v":165,"d":"165.00"}]
["HUEVOS","UNIDAD",140,{"v":7,"d":"7.00"},{"v":980,"d":"980.00"}]
["REPOLLO","UNIDAD",1,{"v":150,"d":"150.00"},{"v":150,"d":"150.00"}]
["JAMON MUSLO DE PAVO","LIBRAS",21,{"v":290,"d":"290.00"},{"v":6090,"d":"6,090.00"}]
["JUGO SANTAL","LITRO",27,{"v":19.3,"d":"19.30"},{"v":521.1,"d":"521.10"}]
["LECHE EN POLVO","LIBRAS",10,{"v":220,"d":"220.00"},{"v":2200,"d":"2,200.00"}]
["LECHE RICA DESCREMADA","UNIDAD",0,{"v":85,"d":"85.00"},{"v":0,"d":"0.00"}]
["MAIZ DULCE ","LATAS DE 15 OZ ",8,{"v":75,"d":"75.00"},{"v":600,"d":"600.00"}]
["MARGARINA FLORA"," LIB.",2,{"v":100,"d":"100.00"},{"v":200,"d":"200.00"}]
["MAYONESA BALDON ","Libra",2,83.12,166.24]
["OREGANO","Libra",1,{"v":130,"d":"130.00"},{"v":130,"d":"130.00"}]
["PAPAS","LIBRAS",20,{"v":45,"d":"45.00"},{"v":900,"d":"900.00"}]
["QUESO MOSARELA","LIBRAS",5,{"v":225,"d":"225.00"},{"v":1125,"d":"1,125.00"}]
["SAL MOLIDA","LIBRAS",7,8.47,{"v":59.290000000000006,"d":"59.29"}]
["SALAMI","LIBRAS",0,{"v":425,"d":"425.00"},{"v":0,"d":"0.00"}]
["VINAGRE","GALON",1,{"v":135,"d":"135.00"},{"v":135,"d":"135.00"}]
["YOGOURT","GALON",3,{"v":340,"d":"340.00"},{"v":1020,"d":"1,020.00"}]
["TOMATES","LIBRAS",1,{"v":75,"d":"75.00"},{"v":75,"d":"75.00"}]
["AJIES VERDE Y MORRON","LIBRAS",1,{"v":130,"d":"130.00"},{"v":130,"d":"130.00"}]
["BERENJENA ","UNIDAD",0,{"v":38,"d":"38.00"},{"v":0,"d":"0.00"}]
["CILANTRICO","PAQUETES",1,{"v":120,"d":"120.00"},{"v":120,"d":"120.00"}]
["AUYAMA","LIBRAS",5,{"v":30,"d":"30.00"},{"v":150,"d":"150.00"}]
["PLATANO","UNIDAD",100,{"v":6,"d":"6.00"},{"v":600,"d":"600.00"}]
["ZANAHORIAS","LIBRAS",2,{"v":55,"d":"55.00"},{"v":110,"d":"110.00"}]
["VASOS PARA CAFÉ # 3","PAQUETES",2,46.67,93.34]
["VASOS  # 7","PAQUETES",110,{"v":45,"d":"45.00"},{"v":4950,"d":"4,950.00"}]
["VASOS  # 10","PAQUETES",28,{"v":84,"d":"84.00"},{"v":2352,"d":"2,352.00"}]
["VASOS Y TAPAS","UNIODAD",4,{"v":18,"d":"18.00"},{"v":168,"d":"168.00"}]
["PLATOS HIGIENICOS","PAQUETES",2,{"v":76,"d":"76.00"},{"v":152,"d":"152.00"}]
["FOSFOROS RELAMPAGO","CAJITAS",180,{"v":4.5,"d":"4.50"},{"v":810,"d":"810.00"}]
["SERVILLETAS PAQUETES","UNIDAD",15,{"v":92,"d":"92.00"},{"v":1380,"d":"1,380.00"}]
["PAPEL PVC","UNIDAD",1,{"v":950,"d":"950.00"},{"v":950,"d":"950.00"}]
["CAFÉ POR SOBRES","UNIDAD",44,{"v":22.5,"d":"22.50"},{"v":990,"d":"990.00"}]
["CUCHARAS PLASTICAS","PAQUETES",32,{"v":45,"d":"45.00"},{"v":1440,"d":"1,440.00"}]
["PLATOS HONDO ",null,1,{"v":65,"d":"65.00"},{"v":65,"d":"65.00"}]
["HABICHUELA ROJAS","LIBRAS",6,{"v":78,"d":"78.00"},{"v":468,"d":"468.00"}]
["HARINA DEL NEGRITO","CAJA",4,{"v":135,"d":"135.00"},{"v":540,"d":"540.00"}]
["HABICHUELAS NEGRAS","LIBRAS",13,{"v":55,"d":"55.00"},{"v":715,"d":"715.00"}]
["GUINEOS VERDES","UNIDAD",50,{"v":3,"d":"3.00"},{"v":150,"d":"150.00"}]
["COCOA","LIBRAS",6,{"v":175,"d":"175.00"},{"v":1050,"d":"1,050.00"}]
["HABICHUELAS BLANCAS","LIBRAS",0,{"v":70,"d":"70.00"},{"v":0,"d":"0.00"}]
["CHULETA","LIBRAS",12,{"v":130,"d":"130.00"},{"v":1560,"d":"1,560.00"}]
["YUCA","LIBRAS",0,{"v":36,"d":"36.00"},{"v":0,"d":"0.00"}]
["MAIZENA ","UNIDAD",1,{"v":130,"d":"130.00"},{"v":130,"d":"130.00"}]
["ESPIRALES EN COLORES","UNIDAD ",0,{"v":40,"d":"40.00"},{"v":0,"d":"0.00"}]
["CUBIERTO","PAQUETES",81,35,{"v":2835,"d":"2,835.00"}]
["HABICHUELA NEGRA","LIBRA",0,{"v":70,"d":"70.00"},{"v":0,"d":"0.00"}]
[{"$nulls":4},{"$f":"SUM(E8:E70)","v":{"v":48884.17,"d":"48,884.17"}}]
[]
["DIRECTOR ","ENC DESPENSA ",null,"ADMINISTRADOR"]